LEADER 01695nam a2200313 u 4500 001 000000023523 003 CaOOAMICUS 005 20070226111240.0 008 950517s1934 it af u000 u ita u 035 $a10592183 040 $aEFR$bita$dAAR 245 04$aGli anni santi /$cscritti di Carlo Bandini ... [et al.]. 260 $aTorino :$bSocietà editrice internazionale,$c1934. 300 $a181 p., [42] p. de pl. :$bill. ;$c26 cm 500 $a"Questo volume raccoglie il testo delle conferenze su "Gli anni Santi" tenute, in occasione del XIX Centenario della Redenzione, nell'Anno Accademico 1933-XI dei Corsi Superiori di Studi Romani". p. [3]. 500 $aAt head of title: Istituto di studi romani. 650 4$aGiubilei cristiani.$0(OLS)http://pul/subject/5723 700 1 $aBandini, Carlo,$cconte,$d1860-$0(OLS)http://pul/name/19811 710 2 $aIstituto di studi romani.$0(OLS)http://pul/name/131 850 $aPUL 852 $aPUL$W1$xDP1 Fondo Cecchetti$y53$m271 C 20$j32996$nBK-PRI$b $qFondi$B32996$CPULBib$Z2$F32996 $HPUL6324 $81 852 $aPUL$W1$xDP1 Fondo Pastorale$y55$mP7 B 8$j32997$nBK-PRI$b $qFondi$B32997$CPULBib$Z2$F32997 $HPUL883 $81 852 $aPUL$W1$xDP1 Fondo Pastorale$y55$mP18 D 88$j32998$nBK-PRI$b $qFondi$B32998$CPULBib$Z2$F32998 $H $81 910 $aIstituto nazionale di studi romani$9131 910 $aIstituto nazionale di studi romani$9131 941 1 $a1 960 $aAnni santi$95723 996 $6245$aGli anni santi$9(OLS)http://pul/title/32672 996 $6260$aTorino :$bSocietà editrice internazionale$9(OLS)http://pul/publisher/48156 LEADER 01335nam a2200337 u 4500 001 000000048389 003 CaOOAMICUS 005 20150924105517.0 008 000428s1996 it u000 u ita u 035 $a10846487 040 $aPUL$bita 100 1 $aDe Simone, Gaetano.$0(OLS)http://pul/name/23255 245 10$aLezioni di sociologia generale e sociologia giuridica /$cGaetano De Simone. 260 $aSalerno :$bSessa,$c1996. 300 $a224 p.$c26 cm 500 $aIn cop.: P.U.L. 504 $aBibliografia in nota. 650 4$aSociologia del diritto.$0(OLS)http://pul/subject/7213 650 4$aSociologia.$0(OLS)http://pul/subject/2611 850 $aPUL 852 $aPUL$W1$xDP1 Cons. Gen., Altre Classi 1$y22$m43 A 90$j64488$nBK-PRI$b $qStampati$B64488$CPULBib$Z2$F64488 $H $81 852 $aPUL$W1$xDP1 Fondo S. Lanza$y121$m4 A 97$j163188$qFondi$B169638$CPULBib$Z2$F169638 $HLAN1083 $82 941 1 $a8 941 1 $a1 960 $aSociology$92611 960 $aSociology$92611 960 $aScienze sociali$92611 960 $aScienze sociali$92611 961 $aINV: 81540 996 $6245$aLezioni di sociologia generale e sociologia giuridica$9(OLS)http://pul/title/65159 996 $6260$aSalerno :$bSessa$9(OLS)http://pul/publisher/67107